Datum a čas kvízu
15.5
Celkem bodů
Celkový počet nahraných bodů na tomto kvízu bez doplňovacích otázek.
13.
Pořadí na kvízu
Konečné umístění týmu na tomto kvízu.
Zaznamenané odpovědi
| # | Otázka | Odpověď | Body | Výsledky |
|---|---|---|---|---|
| 1. | Ve středu přijali poslanci nov... | přiosvojení | 0 | |
| 2. | Minulý týden jsme se dozvěděli... | na Novém Zélandu | 0 | |
| 3. | Jak se jmenuje 88letý zahranič... | Alain Delon | 0 | |
| 4. | Ředitelka české pobočky jedné... | 1 | ||
| 5. | Který zahraniční fotbalista do... | Cristiano Ronaldo | 0 | |
| 6. | Napište, kterým slovem se ozna... | okostice (periost) | 0 | |
| 7. | Ve kterém českém městě najdeme... | v Brně | 0 | |
| 8. | Hlavní postava seriálu Sběrate... | Booth | 0 | |
| 9. | Kterému zvířeti patří tato kos... | ptakopyskovi | 0 | |
| 10. | V září roku 2012 byla pod park... | Richard III. | 0 |